Sélection de Tuiles - Etats-Unis - Statistiques

Statistiques générales
  • Ce quiz a été pris 457 fois
  • Le résultat moyen est 58 sur 80
Statistiques - réponses
Question Tuile Select % Correct
les états des États-Unis Guam Non
100%
les états des États-Unis Monterrey Non
100%
les états des États-Unis Santee Non
100%
les états des États-Unis Triniti Non
100%
les états des États-Unis Alabama Oui
99%
les états des États-Unis Alaska Oui
99%
les états des États-Unis Hudson Non
99%
les états des États-Unis Ohio Oui
99%
les états des États-Unis Orio Non
99%
les états des États-Unis Colorado Oui
98%
les états des États-Unis Missouri Oui
98%
les états des États-Unis Porto Rico Non
98%
les capitales des états des États-Unis Bâton bleu Non
97%
les états des États-Unis Iowa Oui
97%
les capitales des états des États-Unis Denis Non
96%
les villes des États-Unis avec plus d'un million d'habitants New York City Oui
96%
les 10 plus grands états des États-Unis Texas Oui
96%
les 10 plus grands états des États-Unis Alaska Oui
95%
les capitales des états des États-Unis Paris Non
95%
les villes des États-Unis avec plus d'un million d'habitants Los Angeles Oui
94%
les états des États-Unis Maine Oui
94%
les 10 plus petits états des États-Unis Rhode Island Oui
93%
les 10 plus grands états des États-Unis Californie Oui
92%
les villes des États-Unis avec plus d'un million d'habitants Chicago Oui
90%
les états des États-Unis Dakota Occidentale Non
90%
les 10 plus petits états des États-Unis Mississippi Non
90%
les 10 plus petits états des États-Unis Hawaï Oui
86%
les 10 plus petits états des États-Unis Delaware Oui
85%
les capitales des états des États-Unis Denver Oui
85%
les 10 plus petits états des États-Unis Maryland Oui
84%
les 10 plus grands états des États-Unis Missouri Non
83%
les 10 plus petits états des États-Unis New Hampshire Oui
83%
les capitales des états des États-Unis Sacramento Oui
83%
les 10 plus grands états des États-Unis Arizona Oui
82%
les 10 plus petits états des États-Unis New Jersey Oui
82%
les 10 plus petits états des États-Unis Tennessee Non
82%
les 10 plus petits états des États-Unis Vermont Oui
81%
les 10 plus grands états des États-Unis Indiana Non
80%
les capitales des états des États-Unis Wichita Non
80%
les 10 plus petits états des États-Unis Caroline du Sud Non
79%
les 10 plus petits états des États-Unis Connecticut Oui
78%
les villes des États-Unis avec plus d'un million d'habitants Indianapolis Non
78%
les 10 plus grands états des États-Unis Nevada Oui
78%
les 10 plus petits états des États-Unis Ohio Non
78%
les 10 plus petits états des États-Unis Iowa Non
75%
les 10 plus grands états des États-Unis Nouveau-Mexique Oui
74%
les capitales des états des États-Unis Bâton rouge Oui
73%
les 10 plus grands états des États-Unis Kansas Non
71%
les 10 plus grands états des États-Unis Montana Oui
71%
les capitales des états des États-Unis Omaha Non
71%
les 10 plus petits états des États-Unis Massachusetts Oui
70%
les villes des États-Unis avec plus d'un million d'habitants Philadelphie Oui
69%
les 10 plus grands états des États-Unis Colorado Oui
68%
les villes des États-Unis avec plus d'un million d'habitants Austin Non
67%
les états des États-Unis Virginie du nord Non
67%
les capitales des états des États-Unis Los Angeles Non
66%
les villes des États-Unis avec plus d'un million d'habitants Houston Oui
65%
les 10 plus grands états des États-Unis Michigan Non
64%
les 10 plus grands états des États-Unis Floride Non
57%
les capitales des états des États-Unis Louisville Non
53%
les capitales des états des États-Unis Juneau Oui
52%
les villes des États-Unis avec plus d'un million d'habitants Las Vegas Non
52%
les capitales des états des États-Unis Cheyenne Oui
51%
les villes des États-Unis avec plus d'un million d'habitants Phoenix Oui
51%
les 10 plus grands états des États-Unis Utah Non
51%
les 10 plus grands états des États-Unis Wyoming Oui
50%
les 10 plus grands états des États-Unis Oregon Oui
48%
les 10 plus petits états des États-Unis Maine Non
43%
les capitales des états des États-Unis Charlotte Non
42%
les 10 plus petits états des États-Unis Virginie-Occidentale Oui
42%
les villes des États-Unis avec plus d'un million d'habitants San Diego Oui
40%
les villes des États-Unis avec plus d'un million d'habitants Seattle Non
33%
les villes des États-Unis avec plus d'un million d'habitants Washington Non
33%
les capitales des états des États-Unis Jacksonville Non
31%
les villes des États-Unis avec plus d'un million d'habitants Dallas Non
30%
les villes des États-Unis avec plus d'un million d'habitants San Antonio Oui
30%
les villes des États-Unis avec plus d'un million d'habitants Boston Non
29%
les capitales des états des États-Unis Pierre Oui
29%
les capitales des états des États-Unis Dover Oui
27%
les villes des États-Unis avec plus d'un million d'habitants San José Oui
17%
Aucun quiz correspondant
Distribution des résultats
% des personnes avec chaque résultat
Percentile par nombre de réponses
Votre historique - résultats
Vous n’avez pas pris ce quiz